| 000 | 00871nam a22002897a 4500 | ||
|---|---|---|---|
| 003 | CHAP | ||
| 005 | 20220329134701.0 | ||
| 008 | 971013s1968 us a r 00010 eng d | ||
| 010 | _a24160 | ||
| 011 | _a25132 | ||
| 035 | _a29232 | ||
| 040 | _cCHAP | ||
| 082 | 0 | 4 |
_a591.5 _bH33 |
| 100 | 0 | 0 |
_aHafez, E. S. E. _952206 |
| 245 | 1 | 0 |
_aAdaptation of domestic animals _c/por E. S. E. Hafez |
| 260 |
_aPhiladelphia : _bLea & Febiger, _c1968 |
||
| 300 |
_a415 p. : _bilus. |
||
| 590 |
_aBATCH-UPD _b10 _c20130110 _lUCH01 _h1909 |
||
| 590 |
_aBATCH-UPD _b10 _c20130410 _lUCH01 _h1236 |
||
| 590 |
_aBATCH-UPD _b10 _c20130914 _lUCH01 _h1248 |
||
| 590 |
_aCONVERSION _b10 _c20130109 _lUCH01 _h1314 |
||
| 650 | 1 | 4 |
_aEcologĂa animal. _935170 |
| 650 | 1 | 4 |
_aMedio ambiente. _974065 |
| 901 | _aBK | ||
| 942 | _cLIBRO | ||
| 949 |
_a591.5 H33 _bBC _cLIBRO _d33724000941894 _eLIBRO _h14705 _i29232 _si |
||
| 999 |
_c24160 _d24160 |
||